A Subdivisions - Hard - Statistics

General Stats
  • This quiz has been taken 17 times
    6 since last reset
  • The average score is 86 of 265
Answer Stats
Hint Subdivision Type Answer % Correct
Switzerland Canton Aargau
67%
Côte d'Ivoire Autonomous District Abidjan
67%
United Arab Emirates Emirate Abu Dhabi
67%
Brazil State Acre
67%
Türkiye Province Adana
67%
Ethiopia City Addis Ababa
67%
Samoa District A'ana
33%
Kazakhstan Region Abai
33%
Nigeria State Abia
33%
Uganda District Abim
33%
Georgia Autonomous Republic Abkhazia
33%
Italy Region Abruzzo
33%
Azerbaijan District Absheron
33%
Yemen Governorate Abyan
33%
South Sudan Area Abyei
33%
Indonesia Province Aceh
33%
Bahamas District Acklins
33%
San Marino Castelli Acquaviva
33%
Cameroon Region Adamawa
33%
Nigeria State Adamawa
33%
Latvia Municipality Ādaži
33%
Oman Governorate Ad Dakhiliyah
33%
Oman Governorate Ad Dhahirah
33%
Maldives Atoll Addu (Seenu)
33%
Yemen Governorate Aden
33%
Türkiye Province Adıyaman
33%
Georgia Autonomous Republic Adjara
33%
Algeria Province Adrar
33%
Mauritania Region Adrar
33%
Russia Republic Adygea
33%
Greece Decentralized Administration Aegean
33%
Ethiopia Region Afar
33%
Niger Region Agadez
33%
Uganda District Agago
33%
Mauritius Outer Island Agaléga
33%
Azerbaijan District Agdash
33%
Norway County Agder
33%
Azerbaijan District Aghdam
33%
Azerbaijan District Aghdara
33%
Azerbaijan District Aghjabadi
33%
Azerbaijan District Aghstafa
33%
Türkiye Province Ağrı
33%
Azerbaijan District Agsu
33%
São Tomé and Príncipe District Água Grande
33%
Mexico State Aguascalientes
33%
Ghana Region Ahafo
33%
Turkmenistan Region Ahal
33%
Kuwait Governorate Ahmadi
33%
El Salvador Department Ahuachapán
33%
Japan Prefecture Aichi
33%
Samoa District Aiga-i-le-Tai
33%
Timor-Leste Municipality Aileu
33%
Marshall Islands Municipality Ailinglaplap
33%
Marshall Islands Municipality Ailuk
33%
Palau State Aimeliik
33%
Timor-Leste Municipality Ainaro
33%
Algeria Province Aïn Defla
33%
Algeria Province Ain Guezzam
33%
Algeria Province Ain Salah
33%
Algeria Province Aïn Témouchent
33%
Palau State Airai
33%
Nauru District Aiwo
33%
Latvia Municipality Aizkraukle
33%
Slovenia Municipality Ajdovščina
33%
Jordan Governorate Ajloun
33%
United Arab Emirates Emirate Ajman
33%
Norway County Akershus
33%
Japan Prefecture Akita
33%
Lebanon Governorate Akkar
33%
Iceland Municipality Akranes
33%
United Kingdom Overseas Territory Akrotiri and Dhekelia
33%
Türkiye Province Aksaray
33%
Kazakhstan Region Aktobe
33%
Iceland Municipality Akureyri
33%
Nigeria State Akwa Ibom
33%
United States State Alabama
33%
Brazil State Alagoas
33%
Costa Rica Province Alajuela
33%
Iraq Governorate Al-Anbar
33%
Finland Autonomous Region Åland
33%
Madagascar Region Alaotra-Mangoro
33%
United States State Alaska
33%
Romania County Alba
33%
Saudi Arabia Region Al-Baha
33%
Oman Governorate Al Batinah North
33%
Oman Governorate Al Batinah South
33%
Yemen Governorate Al Bayda
33%
Canada Province Alberta
33%
Iran Province Alborz
33%
Oman Governorate Al Buraimi
33%
Libya District Al Butnan
33%
Qatar Municipality Al Daayen
33%
Uganda District Alebtong
33%
Syria Governorate Aleppo
33%
Egypt Governorate Alexandria
33%
Algeria Province Algiers
33%
Syria Governorate Al-Hasakah
33%
Yemen Governorate Al Hudaydah
33%
Benin Department Alibori
33%
Djibouti Region Ali Sabieh
33%
Saudi Arabia Region Al-Jawf
33%
Yemen Governorate Al Jawf
33%
Qatar Municipality Al Khor
33%
Yemen Governorate Al Mahrah
33%
Yemen Governorate Al Mahwit
33%
Kazakhstan City Almaty
33%
Kazakhstan Region Almaty
33%
Sudan State Al Qadarif
33%
Iraq Governorate Al-Qadisiyyah
33%
Qatar Municipality Al Rayyan
33%
Qatar Municipality Al-Shahaniyah
33%
Qatar Municipality Al Shamal
33%
Russia Krai Altai
33%
Russia Republic Altai
33%
Guatemala Department Alta Verapaz
33%
Paraguay Department Alto Paraguay
33%
Paraguay Department Alto Paraná
33%
Latvia Municipality Alūksne
33%
Libya District Al Wahat
33%
Qatar Municipality Al Wakrah
33%
Oman Governorate Al Wusta
33%
Lithuania County Alytus
33%
Paraguay Department Amambay
33%
Brazil State Amapá
33%
Türkiye Province Amasya
33%
Brazil State Amazonas
33%
Colombia Department Amazonas
33%
Peru Department Amazonas
33%
Venezuela State Amazonas
33%
United States Territory American Samoa
33%
Ethiopia Region Amhara
33%
Jordan Governorate Amman
33%
Thailand Province Amnat Charoen
33%
Uganda District Amolatar
33%
Uganda District Amudat
33%
Russia Oblast Amur
33%
Uganda District Amuria
33%
Uganda District Amuru
33%
Nauru District Anabar
33%
Madagascar Region Analamanga
33%
Madagascar Region Analanjirofo
33%
Nigeria State Anambra
33%
Peru Department Áncash
33%
Spain Autonomous Community Andalusia
33%
India Union Territory Andaman and Nicobar Islands
33%
India State Andhra Pradesh
33%
Uzbekistan Region Andijan
33%
Andorra Parish Andorra la Vella
33%
Montenegro Municipality Andrijevica
33%
Madagascar Region Androy
33%
Moldova District Anenii Noi
33%
Nauru District Anetan
33%
Palau State Angaur
33%
Vietnam Province An Giang
33%
Thailand Province Ang Thong
33%
United Kingdom Overseas Territory Anguilla
33%
China Province Anhui
33%
Nauru District Anibare
33%
Comoros Autonomous Island Anjouan
33%
Türkiye Province Ankara
33%
Slovenia Municipality Ankaran
33%
Algeria Province Annaba
33%
Equatorial Guinea Province Annobón
33%
Madagascar Region Anosy
33%
Seychelles District Anse aux Pins
33%
Eritrea Region Anseba
33%
Seychelles District Anse Boileau
33%
Seychelles District Anse Etoile
33%
St. Lucia District Anse La Raye
33%
Seychelles District Anse Royale
33%
Türkiye Province Antalya
33%
Colombia Department Antioquia
33%
Chile Region Antofagasta
33%
Venezuela State Anzoátegui
33%
Japan Prefecture Aomori
33%
Italy Autonomous Region Aosta Valley
33%
Uganda District Apac
33%
Switzerland Canton Appenzell Ausserrhoden
33%
Switzerland Canton Appenzell Innerrhoden
33%
Italy Region Apulia
33%
Venezuela State Apure
33%
Peru Department Apurímac
33%
Jordan Governorate Aqaba
33%
North Macedonia Municipality Aračinovo
33%
Romania County Arad
33%
Armenia Province Aragatsotn
33%
Spain Autonomous Community Aragon
33%
Venezuela State Aragua
33%
Armenia Province Ararat
33%
Colombia Department Arauca
33%
Chile Region Araucanía
33%
Iran Province Ardabil
33%
Türkiye Province Ardahan
33%
Peru Department Arequipa
33%
Romania County Argeș
33%
Tunisia Province Ariana
33%
Trinidad and Tobago Borough Arima
33%
United States State Arizona
33%
United States State Arkansas
33%
Mongolia Province Arkhangai
33%
Russia Oblast Arkhangelsk
33%
Armenia Province Armavir
33%
Iceland Municipality Árneshreppur
33%
Marshall Islands Municipality Arno
33%
Djibouti Region Arta
33%
Cuba Province Artemisa
33%
Haiti Department Artibonite
33%
Uruguay Department Artigas
33%
Türkiye Province Artvin
33%
Uganda District Arua
33%
Netherlands Constituent Country Aruba
33%
India State Arunachal Pradesh
33%
Tanzania Region Arusha
33%
Iceland Municipality Ásahreppur
33%
Ghana Region Ashanti
33%
Turkmenistan City-Region Ashgabat
33%
Oman Governorate Ash Sharqiyah North
33%
Oman Governorate Ash Sharqiyah South
33%
Kuwait Governorate Asimah
33%
Mauritania Region Assaba
33%
India State Assam
33%
Kazakhstan City Astana
33%
Azerbaijan District Astara
33%
Russia Oblast Astrakhan
33%
Spain Autonomous Community Asturias
33%
Egypt Governorate Aswan
33%
Egypt Governorate Asyut
33%
Chile Region Atacama
33%
Benin Department Atakora
33%
Timor-Leste Municipality Atauro
33%
Colombia Department Atlántico
33%
Honduras Department Atlántida
33%
Benin Department Atlantique
33%
Madagascar Region Atsimo-Andrefana
33%
Madagascar Region Atsimo-Atsinanana
33%
Madagascar Region Atsinanana
33%
Laos Province Attapeu
33%
Greece Decentralized Administration Attica
33%
Samoa District Atua
33%
Kazakhstan Region Atyrau
33%
Seychelles District Au Cap
33%
Latvia Municipality Augšdaugava
33%
Marshall Islands Municipality Aur
33%
Australia Internal Territory Australian Capital Territory
33%
France Region Auvergne-Rhône-Alpes
33%
Portugal District Aveiro
33%
Peru Department Ayacucho
33%
Türkiye Province Aydın
33%
Myanmar Region Ayeyarwady
33%
Chile Region Aysén
33%
Portugal Autonomous Region Azores
33%
Dominican Republic Province Azua
33%
Ecuador Province Azuay
33%
Uganda District Adjumani
0%
North Macedonia Municipality Aerodrom
0%
Türkiye Province Afyonkarahisar
0%
Kazakhstan Region Akmola
0%
Yemen Governorate Amanat Al Asimah
0%
Madagascar Region Ambatosoa
0%
Madagascar Region Amoron'i Mania
0%
Slovenia Municipality Apače
0%
Iceland Municipality Árborg
0%
Chile Region Arica and Parinacota
0%
Saudi Arabia Region Aseer
0%
Pakistan Administrative Territory Azad Jammu and Kashmir
0%
No matching quizzes found
Score Distribution
Percent of People with Each Score
Percentile by Number Answered
Your Score History
You have not taken this quiz since the last reset